LEADER 01899nam0 22004093i 450 001 VAN00272701 005 20251006115222.170 017 70$2N$a9783031351938 100 $a20240228d2023 |0itac50 ba 101 $aeng 102 $aCH 105 $a|||| ||||| 181 $ai$b e 182 $ab 183 $acr 200 1 $aThermodynamic and Thermophysical Properties of Saline Water$eModels, Correlations and Data for Desalination and Relevant Applications$fNaef A. A. Qasem ... [et al.] 210 $aCham$cSpringer$d2023 215 $aXIX, 325 p.$cill.$d24 cm 410 1$1001VAN00129966$12001 $aSpringer Water$1210 $aCham [etc.]$cSpringer$d2014- 620 $aCH$dCham$3VANL001889 676 $a660.6$cBiotecnologia. Microbiologia applicata$v22 676 $a577$cEcologia$v22 676 $a628$cIngegneria ambientale. Sostenibilità dell'ambiente$v22 676 $a363.73$cInquinamento generale$v22 702 1$aQasem$bNaef A. A.$3VANV224846 712 $aSpringer $3VANV108073$4650 790 1$aQasem, N.A.A.$zQasem, Naef A. A.$3VANV224849 790 1$aQasem, Naef A.A.$zQasem, Naef A. A.$3VANV224847 790 1$aQasem, N. A. A.$zQasem, Naef A. A.$3VANV224848 801 $aIT$bSOL$c20251010$gRICA 856 4 $uhttps://link.springer.com/openurl?genre=book&isbn=978-3-031-35193-8$zE-book - Accesso al full-text attraverso riconoscimento IP di Ateneo, proxy e/o Shibboleth 899 $aBIBLIOTECA DEL DIPARTIMENTO DI SCIENZE E TECNOLOGIE AMBIENTALI BIOLOGICHE E FARMACEUTICHE$1IT-CE0101$2VAN17 912 $fN 912 $aVAN00272701 950 $aBIBLIOTECA DEL DIPARTIMENTO DI SCIENZE E TECNOLOGIE AMBIENTALI BIOLOGICHE E FARMACEUTICHE$d17CONS e-book 2310 $e17BIB2310/360 360 20240228 996 $aThermodynamic and Thermophysical Properties of Saline Water$93911294 997 $aUNICAMPANIA